000 00744nam a2200241 a 4500
008
020 _a0030560977 (pbk.)
049 _aMAIN
090 _aTK454
_bPAP
100 1 _aPapoulis, Athanasios.
245 1 0 _aCircuits and systems :
_ba modern approach /
_cAthanasios Papoulis.
260 _aNew York, NY :
_bHolt, Rinehart, and Winston,
_cc1980.
300 _aviii, 435 p. :
_bill. ;
_c24 cm.
440 0 _aHRW series in electrical and computer engineering.
500 _aIncludes index.
650 0 _aElectric circuits.
650 0 _aElectric networks.
907 _a.b10063213
_b29-03-12
_c17-04-03
003
005 20230123133549.0
040 _cNUST
942 _cBOOKS
_kTK454
_mPAP
999 _c150770
_d150770